| 000 | 00748nam a2200205Ia 4500 | ||
|---|---|---|---|
| 001 | 16628 | ||
| 003 | GE_BSU | ||
| 008 | 181216s||||||||xx |||||||||||||| ||und|| | ||
| 040 | _cGE_BSU | ||
| 080 | _a821.353.1-1+ 821.353.1.09-1 + 821-1 | ||
| 245 | _aპოეზია1981 : [ლექსები, წერილები, თარგმანები] | ||
| 245 | _cშეადგინეს ტ. ჭანტურიამ და ვ. ჯავახაძემ. რედ. ჯ. ჩარკვიანი | ||
| 260 | _aთბილისი | ||
| 260 | _bმერანი | ||
| 260 | _c1981 | ||
| 300 | _a245გვ. ; 22სმ | ||
| 653 | _aპოეზია | ||
| 653 | _aქართული პოეზია | ||
| 942 | _cBK | ||
| 999 |
_c49694 _d49694 |
||